000 00718nam a2200241 a 4500
008
020 _a0856646423 (hbk.)
090 _aPE1585DAV
100 1 _aDavies, Eirian C.
245 1 0 _aOn the semantics of syntax :
_bmood and condition in English /
_cEirian C. Davies.
260 _aLondon :
_bCroom Helm,
_c1979.
300 _a205 p. ;
_c23 cm.
504 _aIncludes bibliographical references.
500 _aIncludes index.
650 _aEnglish language
_xSyntax.
650 _aEnglish language
_xSemantics.
907 _a.b10218452
_b19-03-09
_c02-11-06
003
005 20230123124930.0
040 _cNUST
049 _aMAIN
942 _cBOOKS
_kPE1585DAV
999 _c132802
_d132802